00000000cam 2200000zi 4500
0019.958082
003CaOODSP
00520260603091613
006m     o  d f      
007cr |n|||||||||
008251209s1977    oncd    obs  f000 0 eng d
040 |aCaOODSP|beng|erda|cCaOODSP
043 |an-cn---
0861 |aJS22-78/1977E-PDF
24504|aThe female offender - selected statistics : |breport of the National Advisory Committee on the Female Offender.
264 1|a[Ottawa] : |bSolicitor General Canada = Soliciteur général Canada, |cSpring 1977.
300 |a1 online resource (32, [2] pages) : |bgraphs
336 |atext|btxt|2rdacontent
337 |acomputer|bc|2rdamedia
338 |aonline resource|bcr|2rdacarrier
500 |aDigitized edition from print [produced by Public Safety Canada].
500 |aIssued also in French under title : La femme délinquante - statistique choisies : rapport du Comité consultatif national sur la Femme délinquante.
504 |aIncludes bibliographical references.
650 0|aFemale offenders|zCanada|vStatistics.
655 7|aStatistics|2lcgft
7101 |aCanada. |bSolicitor General Canada, |eissuing body.
77508|tLa femme délinquante - statistiques choisies.|w(CaOODSP)9.963272
85640|qPDF|s1.37 MB|uhttps://publications.gc.ca/collections/collection_2026/sp-ps/JS22-78-1977-eng.pdf